| 000 | 00592nam a2200181 a 4500 | ||
|---|---|---|---|
| 005 | 20240830063931.0 | ||
| 008 | 991125s1969 ea 000 0 eng u | ||
| 035 | _aUPN01000001350 | ||
| 049 | _aCG | ||
| 050 | 4 |
_aLB1043 _bC6 |
|
| 100 | 1 |
_aCoppen, Helen Elizabeth _932098 |
|
| 245 | 1 | 0 |
_aAids to teaching and learning / _cHelen Coppen. |
| 260 |
_aOxford, Ing. : _bPergamon, _c1969. |
||
| 300 |
_a230 p. : _bil. |
||
| 440 | 4 | _aThe Commonwealth and International Library of Science Technology Enginering and Liberal Studies | |
| 650 | 4 |
_aEnseƱanza _vMateriales auxiliares _912548 |
|
| 905 | _aLibro | ||
| 999 |
_c1350 _d1350 |
||